000 00502nam a2200181Ia 4500
999 _c29202
_d29202
003 OSt
005 20210111113112.0
008 190216s9999||||xx |||||||||||||| ||und||
020 _a9788122603781
040 _coclc
082 _a894.8122
_bNAI/K
100 _aNair, C N Sreekantan
_98112
245 0 _aKali /
_cC N Sreekantan Nair
260 _bCurrent Books,
_aTrissur:
_c2004.
300 _a80p
650 _aNadakam
942 _cBK
_2ddc
_h894.8122
_iNAI/K
_k894.8122
_mNAI/K